[Event "Gentofte Vinterturnering 1973-74"]
[Site "Gentofte"]
[Date "1973.12.12"]
[Round "6"]
[White "Molgaard, Steen"]
[Black "Hartung Nielsen, Jens"]
[Result "1-0"]
[WhiteElo "2088"]
[BlackElo "2104"]
[PlyCount "67"]
[EventDate "1973.10.17"]
[EventType "tourn"]
[EventRounds "9"]
[EventCountry "DEN"]
[SourceVersionDate "2020.12.21"]

1. b3 d5 2. Nf3 Nf6 3. e3 e6 4. Bb2 Bd6 5. c4 O-O 6. Nc3 b6 7. Be2 Bb7 8. O-O
a6 9. Qc2 c5 10. cxd5 Nxd5 11. Rac1 Nd7 12. Rfd1 N7f6 13. Ng5 Nxc3 14. Bxc3 e5
15. d4 cxd4 16. exd4 e4 17. d5 Nxd5 18. Nxe4 Bf4 19. Bd2 Rc8 20. Qd3 Rxc1 21.
Rxc1 Bxd2 22. Qxd2 Qa8 23. Nd6 Bc6 24. Nf5 Re8 25. Bf3 g6 26. Nh6+ Kg7 27. Ng4
Re6 28. Qd4+ f6 29. Bxd5 Bxd5 30. Rc7+ Kh8 31. Qc3 Qe8 32. h3 Rc6 33. Nxf6 Rxc7
34. Qxc7 1-0

[Event "Gentofte Vinterturnering 1973-74"]
[Site "Gentofte"]
[Date "1973.12.12"]
[Round "6"]
[White "Hansen, Carsten"]
[Black "Hansen, Jacob Ost"]
[Result "0-1"]
[WhiteElo "1895"]
[BlackElo "2331"]
[PlyCount "54"]
[EventDate "1973.10.17"]
[EventType "tourn"]
[EventRounds "9"]
[EventCountry "DEN"]
[SourceVersionDate "2020.12.21"]

1. d4 g6 2. e4 Bg7 3. c4 d6 4. Nc3 e5 5. d5 Nd7 6. Be2 h5 7. Nf3 Bh6 8. b4 a5
9. Ba3 b6 10. O-O f5 11. exf5 gxf5 12. Re1 Ne7 13. Nb5 Ng6 14. c5 axb4 15. cxd6
Rxa3 16. dxc7 Qf6 17. Nxa3 bxa3 18. Nd4 Kf7 19. Bxh5 Bf8 20. Ne6 Bd6 21. Re3 e4
22. Rb1 Ke7 23. h3 Rg8 24. f3 Nh4 25. Re2 exf3 26. Nd4+ fxe2 27. Qxe2+ Ne5 0-1

[Event "Gentofte Vinterturnering 1973-74"]
[Site "Gentofte"]
[Date "1973.12.12"]
[Round "6"]
[White "Telling, Kim"]
[Black "Skovgaard, Ib"]
[Result "1-0"]
[WhiteElo "2019"]
[BlackElo "2134"]
[PlyCount "71"]
[EventDate "1973.10.17"]
[EventType "tourn"]
[EventRounds "9"]
[EventCountry "DEN"]
[SourceVersionDate "2020.12.21"]

1. d4 d5 2. c4 c6 3. Nf3 Nf6 4. Nc3 dxc4 5. a4 Na6 6. e4 Bg4 7. Bxc4 e6 8. Be3
Nb4 9. Be2 a5 10. O-O Be7 11. h3 Bh5 12. Ne5 Bxe2 13. Qxe2 O-O 14. Rfd1 Qc7 15.
Rac1 Rad8 16. Bf4 Qc8 17. Nc4 Nd7 18. Nxa5 f5 19. exf5 Nb6 20. Nc4 N6d5 21.
Nxd5 Nxd5 22. Be5 exf5 23. Ne3 Qe6 24. Nxd5 Rxd5 25. Qc4 f4 26. Rc3 Rf5 27. Qb3
g5 28. Rcd3 Qd7 29. Qc2 Kf7 30. Qe2 Kg6 31. Qe4 Kf7 32. g4 fxg3 33. fxg3 Rdxe5
34. dxe5 Bc5+ 35. Kh1 Rf1+ 36. Rxf1+ 1-0

[Event "Gentofte Vinterturnering 1973-74"]
[Site "Gentofte"]
[Date "1973.12.12"]
[Round "6"]
[White "Persson, Lars"]
[Black "Rosenlund, Thorbjorn"]
[Result "1-0"]
[WhiteElo "1983"]
[BlackElo "2245"]
[PlyCount "117"]
[EventDate "1973.10.17"]
[EventType "tourn"]
[EventRounds "9"]
[EventCountry "DEN"]
[SourceVersionDate "2020.12.21"]

1. e4 e5 2. Nf3 Nc6 3. Bc4 Nf6 4. Ng5 Bc5 5. Bxf7+ Ke7 6. Bb3 d6 7. O-O Rf8 8.
Nc3 h6 9. Nf3 Bg4 10. h3 Bh5 11. d3 Nd4 12. Nxd4 Bxd1 13. Nf5+ Kd7 14. Rxd1 Nh5
15. d4 exd4 16. Nxd4 Qh4 17. Be6+ Kd8 18. Be3 Bxd4 19. Rxd4 Qe7 20. Bf5 c6 21.
Rad1 Kc7 22. Rc4 Kb8 23. b4 g6 24. Bg4 Nf6 25. Be2 g5 26. b5 c5 27. Nd5 Nxd5
28. Rxd5 b6 29. h4 a5 30. bxa6 Rxa6 31. a4 Rg8 32. e5 dxe5 33. Re4 Ra7 34.
Rdxe5 Qg7 35. hxg5 hxg5 36. Bb5 Rd8 37. Bxg5 Rd1+ 38. Kh2 Rc7 39. Be2 Rd4 40.
Re8+ Kb7 41. R4e5 Rxa4 42. Bf3+ Ka6 43. Ra8+ Ra7 44. Re7 Qxe7 45. Bxe7 Rxa8 46.
Bxa8 Rc4 47. Bg5 Rxc2 48. f4 c4 49. f5 Re2 50. f6 Re8 51. Bd5 c3 52. f7 Rh8+
53. Kg1 c2 54. Bb3 Rf8 55. Kf2 Kb5 56. Ke2 Kb4 57. Be6 Ka3 58. Bc1+ Kb4 59. Kd2
1-0

[Event "Gentofte Vinterturnering 1973-74"]
[Site "Gentofte"]
[Date "1973.12.12"]
[Round "6"]
[White "Hoi, Carsten"]
[Black "Mortensen, Peter Munch"]
[Result "1-0"]
[WhiteElo "2089"]
[BlackElo "1995"]
[PlyCount "73"]
[EventDate "1973.10.17"]
[EventType "tourn"]
[EventRounds "9"]
[EventCountry "DEN"]
[SourceVersionDate "2020.12.21"]

{[%evp 0,73,16,28,29,-16,43,46,69,51,69,19,22,27,74,29,139,60,122,122,92,-28,
-25,2,0,-46,-43,-53,-36,-66,18,11,4,13,17,10,25,17,15,14,37,3,43,13,130,31,44,
54,54,64,76,75,63,38,125,129,124,125,163,146,155,142,171,180,166,174,189,189,
196,195,212,208,210,223,218,228]} 1. d4 Nf6 2. c4 g6 3. Nc3 d5 4. Nf3 Bg7 5.
Bf4 O-O 6. e3 c5 7. Rc1 Nc6 8. dxc5 Qa5 9. cxd5 Rd8 10. Qa4 Qxa4 11. Nxa4 Nxd5
12. Be2 Nxf4 13. exf4 Nb4 14. Nc3 Nd3+ 15. Bxd3 Rxd3 16. Ke2 Rd8 17. Rhd1 Be6
18. b3 Rxd1 19. Nxd1 Rc8 20. Ne5 f6 21. Nf3 b6 22. cxb6 axb6 23. Rxc8+ Bxc8 24.
Nc3 Kf7 25. Nd5 b5 26. Nc7 e6 27. Nxb5 Ba6 28. a4 Ke7 29. Kd3 Kd7 30. Kc4 Bf8
31. b4 Be7 32. Nfd4 Bd6 33. g3 e5 34. fxe5 fxe5 35. Nb3 Kc6 36. Nc5 Bxb5+ 37.
axb5+ {og hvid vandt efter yderligere en snes trk} 1-0

[Event "Gentofte Vinterturnering 1973-74"]
[Site "Gentofte"]
[Date "1974.01.30"]
[Round "7"]
[White "Hartung Nielsen, Jens"]
[Black "Hoi, Carsten"]
[Result "0-1"]
[WhiteElo "2104"]
[BlackElo "2089"]
[PlyCount "68"]
[EventDate "1973.10.17"]
[EventType "tourn"]
[EventRounds "9"]
[EventCountry "DEN"]
[SourceVersionDate "2020.12.21"]

1. e4 e6 2. d4 d5 3. Nc3 Nf6 4. e5 Nfd7 5. f4 c5 6. Nf3 Nc6 7. Be3 Qb6 8. Na4
Qa5+ 9. c3 cxd4 10. b4 Nxb4 11. cxb4 Bxb4+ 12. Bd2 Bxd2+ 13. Nxd2 b6 14. Rb1
Ba6 15. Qb3 Rc8 16. Bxa6 Qxa6 17. Qb4 Rc2 18. Rf1 Rxa2 19. Nb2 Nc5 20. Rf3 O-O
21. Qxd4 Ra1 22. Rxa1 Qxa1+ 23. Kf2 Rc8 24. Kg3 h6 25. Kh3 a5 26. f5 exf5 27.
Rxf5 Ne6 28. Qxb6 Rc2 29. Qb8+ Kh7 30. Nf3 Rxb2 31. Qe8 Qf1 32. Nh4 Ng5+ 33.
Kg3 Qe1+ 34. Kg4 Rb4+ 0-1

[Event "Gentofte Vinterturnering 1973-74"]
[Site "Gentofte"]
[Date "1974.01.30"]
[Round "7"]
[White "Mortensen, Peter Munch"]
[Black "Persson, Lars"]
[Result "0-1"]
[WhiteElo "1995"]
[BlackElo "1983"]
[PlyCount "74"]
[EventDate "1973.10.17"]
[EventType "tourn"]
[EventRounds "9"]
[EventCountry "DEN"]
[SourceVersionDate "2020.12.21"]

1. d4 Nf6 2. Bg5 Ne4 3. Bf4 d5 4. e3 Nd7 5. c4 c6 6. Nf3 Qa5+ 7. Nbd2 Ndf6 8.
cxd5 Nxd5 9. Bg3 Bg4 10. Be2 e6 11. O-O Nxg3 12. hxg3 Qc7 13. Qb3 Be7 14. Bd3
Bxf3 15. gxf3 Nxe3 16. fxe3 Qxg3+ 17. Kh1 Bd6 18. f4 Qh3+ 19. Kg1 Qxe3+ 20. Rf2
Bxf4 21. Qxb7 O-O 22. Qb3 Rab8 23. Qc3 Qg3+ 24. Rg2 Qe3+ 25. Rf2 Rfd8 26. Nf3
Bg5 27. Re1 Qf4 28. Ne5 Qxd4 29. Qxd4 Rxd4 30. Nxc6 Rg4+ 31. Kf1 Rb7 32. Rc2 g6
33. Ne5 Rf4+ 34. Kg2 Bf6 35. b3 h5 36. Kg3 Rd4 37. Bc4 Bh4+ 0-1

[Event "Gentofte Vinterturnering 1973-74"]
[Site "Gentofte"]
[Date "1974.01.30"]
[Round "7"]
[White "Hansen, Jacob Ost"]
[Black "Telling, Kim"]
[Result "1-0"]
[WhiteElo "2331"]
[BlackElo "2019"]
[PlyCount "101"]
[EventDate "1973.10.17"]
[EventType "tourn"]
[EventRounds "9"]
[EventCountry "DEN"]
[SourceVersionDate "2020.12.21"]

1. e4 e5 2. Nf3 Nc6 3. Bb5 a6 4. Ba4 Nf6 5. Qe2 Be7 6. O-O b5 7. Bb3 d6 8. c3
Bg4 9. d3 O-O 10. Nbd2 Na5 11. Bc2 c5 12. h3 Bh5 13. Re1 Re8 14. Nf1 Nd7 15.
Ng3 Bg6 16. Bd2 Nc6 17. a4 Rb8 18. axb5 axb5 19. Ra6 Rb6 20. Ra2 b4 21. Ra4 b3
22. Bd1 Qc7 23. Be3 Bf8 24. Nd2 Reb8 25. h4 f6 26. Qg4 Bf7 27. Nf5 Kh8 28. Qh3
R6b7 29. Ra3 Ne7 30. Nxe7 Bxe7 31. c4 Nf8 32. Nxb3 Ne6 33. Bd2 Nd4 34. Nxd4
cxd4 35. b4 d5 36. c5 dxe4 37. Rxe4 Bd5 38. Re1 Ra7 39. Rxa7 Qxa7 40. Bf3 Qa2
41. Bxd5 Qxd2 42. Ra1 Qxb4 43. c6 Bd6 44. Be4 Rf8 45. Qd7 f5 46. Ra7 Be7 47.
Qxe7 Qxe7 48. Rxe7 fxe4 49. dxe4 Kg8 50. c7 d3 51. Rd7 1-0

[Event "Gentofte Vinterturnering 1973-74"]
[Site "Gentofte"]
[Date "1974.01.30"]
[Round "7"]
[White "Rosenlund, Thorbjorn"]
[Black "Hansen, Carsten"]
[Result "1-0"]
[WhiteElo "2245"]
[BlackElo "1895"]
[PlyCount "39"]
[EventDate "1973.10.17"]
[EventType "tourn"]
[EventRounds "9"]
[EventCountry "DEN"]
[SourceVersionDate "2020.12.21"]

1. d4 Nf6 2. c4 g6 3. Nc3 d5 4. cxd5 Nxd5 5. e4 Nxc3 6. bxc3 Bg7 7. Bc4 O-O 8.
Ne2 Nc6 9. O-O b6 10. Bg5 Bb7 11. Qd2 Na5 12. Bd3 c5 13. d5 c4 14. Bc2 Qd7 15.
Rad1 Rac8 16. Bh6 Rfd8 17. Bxg7 Kxg7 18. f4 f5 19. Nd4 Bxd5 20. exd5 1-0

[Event "Gentofte Vinterturnering 1973-74"]
[Site "Gentofte"]
[Date "1974.01.30"]
[Round "7"]
[White "Skovgaard, Ib"]
[Black "Molgaard, Steen"]
[Result "1-0"]
[WhiteElo "2134"]
[BlackElo "2088"]
[PlyCount "73"]
[EventDate "1973.10.17"]
[EventType "tourn"]
[EventRounds "9"]
[EventCountry "DEN"]
[SourceVersionDate "2020.12.21"]

1. d4 Nf6 2. c4 e6 3. Nc3 d5 4. Bf4 c6 5. e3 Nbd7 6. Nf3 Be7 7. h3 dxc4 8. Bxc4
Nd5 9. Bg3 Nxc3 10. bxc3 Qa5 11. Qb3 Nb6 12. Bd3 Bd7 13. O-O c5 14. a4 Bxa4 15.
Rxa4 Nxa4 16. Bb5+ Kf8 17. Bxa4 Qb6 18. Rb1 Qxb3 19. Rxb3 b6 20. Bc6 Rc8 21.
Bb7 Rd8 22. Rb1 cxd4 23. exd4 Bd6 24. Bxd6+ Rxd6 25. c4 Ke7 26. c5 bxc5 27.
dxc5 Rd3 28. Be4 Rd7 29. c6 Rc7 30. Nd4 a6 31. Rb7 Kd6 32. f4 Rhc8 33. Kf2 g6
34. Ke3 f6 35. Kd3 Ke7 36. Nb3 Kd6 37. Na5 1-0

[Event "Gentofte Vinterturnering 1973-74"]
[Site "Gentofte"]
[Date "1974.02.06"]
[Round "8"]
[White "Molgaard, Steen"]
[Black "Hansen, Jacob Ost"]
[Result "0-1"]
[WhiteElo "2088"]
[BlackElo "2331"]
[PlyCount "58"]
[EventDate "1973.10.17"]
[EventType "tourn"]
[EventRounds "9"]
[EventCountry "DEN"]
[SourceVersionDate "2020.12.21"]

1. e3 g6 2. c4 Bg7 3. Nc3 d6 4. g3 e5 5. Bg2 Nc6 6. Nge2 Nh6 7. O-O O-O 8. d3
Be6 9. b4 Qd7 10. b5 Nd8 11. Nd5 Bh3 12. e4 Bxg2 13. Kxg2 f5 14. f3 Ne6 15. Be3
c6 16. Ndc3 g5 17. Qd2 f4 18. Bg1 g4 19. fxg4 Nxg4 20. h3 Bh6 21. Qe1 f3+ 22.
Rxf3 Rxf3 23. Kxf3 Ng5+ 24. Kg2 Ne3+ 25. Bxe3 Qxh3+ 26. Kf2 Qh2+ 27. Kf1 Rf8+
28. Nf4 Nh3 29. Qe2 Qh1+ 0-1

[Event "Gentofte Vinterturnering 1973-74"]
[Site "Gentofte"]
[Date "1974.02.06"]
[Round "8"]
[White "Rosenlund, Thorbjorn"]
[Black "Mortensen, Peter Munch"]
[Result "1/2-1/2"]
[WhiteElo "2245"]
[BlackElo "1995"]
[PlyCount "85"]
[EventDate "1973.10.17"]
[EventType "tourn"]
[EventRounds "9"]
[EventCountry "DEN"]
[SourceVersionDate "2020.12.21"]

1. Nf3 d6 2. d4 g6 3. g3 Bg7 4. Bg2 Nf6 5. b3 O-O 6. Bb2 c5 7. O-O Nc6 8. c4
Bf5 9. d5 Na5 10. Nbd2 a6 11. Nh4 Bd7 12. e4 b5 13. Rc1 Rb8 14. Bc3 e5 15. dxe6
Bxe6 16. cxb5 axb5 17. f4 Nc6 18. Nhf3 Qb6 19. Qe2 Rfe8 20. f5 Bxf5 21. Nh4 Nd4
22. Bxd4 cxd4 23. Nxf5 gxf5 24. Qd3 fxe4 25. Nxe4 Re6 26. Rc6 Qd8 27. Ng5 Re5
28. Nf3 Rc5 29. Nxd4 Ng4 30. Ra6 Ne5 31. Qe4 Rbc8 32. Nf5 R5c6 33. Rxc6 Rxc6
34. Nxg7 Kxg7 35. Qf4 Rc7 36. Kh1 Qe7 37. Qe4 Qd7 38. Rd1 Rc5 39. b4 Rc4 40.
Qxe5+ dxe5 41. Rxd7 Rc1+ 42. Bf1 Rxf1+ 43. Kg2 1/2-1/2

[Event "Gentofte Vinterturnering 1973-74"]
[Site "Gentofte"]
[Date "1974.02.06"]
[Round "8"]
[White "Persson, Lars"]
[Black "Hartung Nielsen, Jens"]
[Result "0-1"]
[WhiteElo "1983"]
[BlackElo "2104"]
[PlyCount "48"]
[EventDate "1973.10.17"]
[EventType "tourn"]
[EventRounds "9"]
[EventCountry "DEN"]
[SourceVersionDate "2020.12.21"]

1. e4 e5 2. Nf3 Nc6 3. Bc4 Nf6 4. Ng5 d5 5. exd5 Na5 6. Bb5+ c6 7. dxc6 bxc6 8.
Qf3 Rb8 9. Bxc6+ Nxc6 10. Qxc6+ Nd7 11. d4 Be7 12. Ne4 O-O 13. Nbd2 Rb6 14. Qa4
Qc7 15. c3 Ba6 16. Nf3 exd4 17. Qxd4 Nc5 18. Bf4 Qb7 19. Nxc5 Bxc5 20. Qxc5
Re6+ 21. Kd1 Qxb2 22. Nd4 Qxa1+ 23. Bc1 Qxa2 24. Nxe6 Qe2# 0-1

[Event "Gentofte Vinterturnering 1973-74"]
[Site "Gentofte"]
[Date "1974.02.06"]
[Round "8"]
[White "Hoi, Carsten"]
[Black "Skovgaard, Ib"]
[Result "0-1"]
[WhiteElo "2089"]
[BlackElo "2134"]
[PlyCount "58"]
[EventDate "1973.10.17"]
[EventType "tourn"]
[EventRounds "9"]
[EventCountry "DEN"]
[SourceVersionDate "2020.12.21"]

1. c4 e5 2. Nc3 Nf6 3. g3 c6 4. Bg2 d5 5. cxd5 cxd5 6. Qb3 Nc6 7. Nxd5 Nd4 8.
Nxf6+ gxf6 9. Qd1 Qc7 10. Rb1 Nc2+ 11. Kf1 Be6 12. b3 Rc8 13. Bb2 Ba3 14. Nf3
O-O 15. Qc1 Qa5 16. Qd1 Rfd8 17. d3 e4 18. Nd2 exd3 19. e3 Bxb2 20. Rxb2 Nxe3+
21. fxe3 Rc2 22. Rb1 Rxd2 23. Qf3 Qxa2 24. Re1 Qb2 25. h4 Rc8 26. Kg1 Rcc2 27.
Bf1 Rf2 28. Qxb7 Qe5 29. Qa8+ Kg7 0-1

[Event "Gentofte Vinterturnering 1973-74"]
[Site "Gentofte"]
[Date "1974.02.06"]
[Round "8"]
[White "Hansen, Carsten"]
[Black "Telling, Kim"]
[Result "1/2-1/2"]
[WhiteElo "1895"]
[BlackElo "2019"]
[PlyCount "52"]
[EventDate "1973.10.17"]
[EventType "tourn"]
[EventRounds "9"]
[EventCountry "DEN"]
[SourceVersionDate "2020.12.21"]

1. d4 Nf6 2. c4 e6 3. Nc3 Bb4 4. e3 O-O 5. Bd3 c5 6. Nf3 d5 7. O-O dxc4 8. Bxc4
Nc6 9. a3 Bxc3 10. bxc3 Qc7 11. Ba2 b6 12. Bb2 Bb7 13. Qe2 Rad8 14. e4 e5 15.
d5 Ne7 16. Rfd1 Ng6 17. g3 Bc8 18. Nd2 Ne8 19. h4 Nd6 20. Nf1 Ne7 21. h5 Kh8
22. g4 Ng8 23. Ng3 f6 24. f3 Nh6 25. Kg2 Nhf7 26. Bc1 Bd7 1/2-1/2

[Event "Gentofte Vinterturnering 1973-74"]
[Site "Gentofte"]
[Date "1974.02.27"]
[Round "9"]
[White "Hansen, Jacob Ost"]
[Black "Hoi, Carsten"]
[Result "1-0"]
[WhiteElo "2331"]
[BlackElo "2089"]
[PlyCount "67"]
[EventDate "1973.10.17"]
[EventType "tourn"]
[EventRounds "9"]
[EventCountry "DEN"]
[SourceVersionDate "2020.12.21"]

1. e4 e6 2. d3 d5 3. Nd2 Nf6 4. Ngf3 c5 5. g3 Nc6 6. Bg2 Be7 7. O-O O-O 8. Re1
b5 9. e5 Nd7 10. Nf1 a5 11. h4 b4 12. Bf4 a4 13. a3 bxa3 14. bxa3 Ba6 15. Ne3
Nd4 16. c4 Nb6 17. cxd5 Nxf3+ 18. Qxf3 Bb7 19. Qg4 f5 20. exf6 Bxf6 21. Qxe6+
Kh8 22. Rab1 Ra6 23. Qd6 Nd7 24. Qc7 Ba8 25. Qxd8 Bxd8 26. Nc4 h6 27. Re6 Ra7
28. Rbe1 Bf6 29. Re8 Kg8 30. Bd6 Rxe8 31. Rxe8+ Kf7 32. Rc8 Bd4 33. h5 Bf6 34.
Be4 1-0

[Event "Gentofte Vinterturnering 1973-74"]
[Site "Gentofte"]
[Date "1974.02.27"]
[Round "9"]
[White "Telling, Kim"]
[Black "Molgaard, Steen"]
[Result "1-0"]
[WhiteElo "2019"]
[BlackElo "2088"]
[PlyCount "41"]
[EventDate "1973.10.17"]
[EventType "tourn"]
[EventRounds "9"]
[EventCountry "DEN"]
[SourceVersionDate "2020.12.21"]

1. d4 Nf6 2. Nf3 e6 3. c4 d5 4. Nc3 c6 5. e3 Bd6 6. Bd3 O-O 7. e4 dxe4 8. Nxe4
Nxe4 9. Bxe4 Nd7 10. O-O Nf6 11. Bc2 b6 12. Bg5 Be7 13. Qd3 g6 14. Rad1 Qc7 15.
Ne5 Bb7 16. Qh3 Nh5 17. Bh6 Rfd8 18. Rfe1 c5 19. Nxf7 Nf4 20. Bxf4 Qxf4 21.
Nxd8 1-0

[Event "Gentofte Vinterturnering 1973-74"]
[Site "Gentofte"]
[Date "1974.02.27"]
[Round "9"]
[White "Hartung Nielsen, Jens"]
[Black "Rosenlund, Thorbjorn"]
[Result "0-1"]
[WhiteElo "2104"]
[BlackElo "2245"]
[PlyCount "114"]
[EventDate "1973.10.17"]
[EventType "tourn"]
[EventRounds "9"]
[EventCountry "DEN"]
[SourceVersionDate "2020.12.21"]

1. e4 e5 2. Nf3 Nc6 3. Bb5 d6 4. d4 Bd7 5. Nc3 Nf6 6. O-O Be7 7. Re1 exd4 8.
Nxd4 Nxd4 9. Qxd4 O-O 10. Bg5 Bxb5 11. Nxb5 h6 12. Bh4 Re8 13. c4 Nd7 14. Bxe7
Rxe7 15. Rad1 Re8 16. Rd3 Nc5 17. Rg3 Ne6 18. Qc3 a6 19. Nd4 Qf6 20. Nf5 Qxc3
21. Rxc3 Nc5 22. f3 a5 23. b3 Re5 24. Kf2 Rae8 25. Ne3 Rxe4 26. a3 Rd4 27. Re2
Rd3 28. Nd5 Rxe2+ 29. Kxe2 Rxc3 30. Nxc3 Nxb3 31. Nb5 Kf8 32. Nxc7 Ke7 33. Ke3
Kd7 34. Nd5 Kc6 35. Kd3 b5 36. Ne7+ Kc5 37. cxb5 Kxb5 38. Nf5 d5 39. Nxg7 Ka4
40. Nf5 Kxa3 41. Kc2 a4 42. Nxh6 Nd4+ 43. Kc3 Ka2 44. Nxf7 a3 45. Kxd4 Kb3 46.
Kxd5 a2 47. Ne5 a1=Q 48. Ng4 Qa2 49. Ne3 Kc3+ 50. Ke4 Qa4+ 51. Kf5 Qd7+ 52. Kg5
Qd2 53. f4 Qxe3 54. g4 Kd4 55. Kf5 Qh3 56. Kg5 Qxh2 57. f5 Ke5 0-1

[Event "Gentofte Vinterturnering 1973-74"]
[Site "Gentofte"]
[Date "1974.02.27"]
[Round "9"]
[White "Persson, Lars"]
[Black "Skovgaard, Ib"]
[Result "1/2-1/2"]
[WhiteElo "1983"]
[BlackElo "2134"]
[PlyCount "106"]
[EventDate "1973.10.17"]
[EventType "tourn"]
[EventRounds "9"]
[EventCountry "DEN"]
[SourceVersionDate "2020.12.21"]

1. e4 Nf6 2. e5 Nd5 3. c4 Nb6 4. d4 d6 5. f4 dxe5 6. fxe5 g6 7. Nc3 Bg7 8. Be3
O-O 9. Nf3 Bg4 10. h3 Bxf3 11. Qxf3 Nc6 12. Rd1 e6 13. Ne4 f6 14. exf6 Bxf6 15.
Nxf6+ Qxf6 16. Qxf6 Rxf6 17. Be2 Nb4 18. a3 Nc2+ 19. Kd2 Nxe3 20. Kxe3 Raf8 21.
Rhf1 Rxf1 22. Rxf1 Rxf1 23. Bxf1 Kf7 24. Be2 Kf6 25. b4 c6 26. Kd3 e5 27. Bf3
Ke6 28. Bg4+ Kf6 29. c5 Nd5 30. Bc8 b6 31. cxb6 axb6 32. Bd7 Ne7 33. a4 Nd5 34.
Kc4 b5+ 35. axb5 Nb6+ 36. Kd3 Nxd7 37. bxc6 Nb6 38. Ke4 exd4 39. Kxd4 Ke6 40.
Kc5 Na4+ 41. Kb5 Nc3+ 42. Kb6 Kd6 43. b5 Na4+ 44. Kb7 Nc5+ 45. Kb8 Ne6 46. h4
Kc5 47. c7 Nxc7 48. Kxc7 Kxb5 49. Kd6 Kc4 50. Ke5 Kd3 51. Kf6 Ke4 52. Kg5 Ke5
53. g4 h5 1/2-1/2

[Event "Gentofte Vinterturnering 1973-74"]
[Site "Gentofte"]
[Date "1974.02.27"]
[Round "9"]
[White "Mortensen, Peter Munch"]
[Black "Hansen, Carsten"]
[Result "1/2-1/2"]
[WhiteElo "1995"]
[BlackElo "1895"]
[PlyCount "108"]
[EventDate "1973.10.17"]
[EventType "tourn"]
[EventRounds "9"]
[EventCountry "DEN"]
[SourceVersionDate "2020.12.21"]

1. d4 g6 2. Nf3 Nf6 3. c4 Bg7 4. Nc3 d5 5. e3 O-O 6. Bd2 c5 7. dxc5 Na6 8. cxd5
Nxd5 9. Nxd5 Qxd5 10. Bxa6 bxa6 11. Qc1 Bg4 12. Bc3 e5 13. e4 Qxe4+ 14. Qe3
Bxf3 15. gxf3 Qc4 16. Qe4 Qe6 17. Rd1 Rad8 18. O-O f5 19. Qb7 Qf6 20. f4 Qh4
21. Qb3+ Kh8 22. Bxe5 Bxe5 23. fxe5 f4 24. Rxd8 Rxd8 25. e6 Qg5+ 26. Kh1 Qxc5
27. Qc3+ Qxc3 28. bxc3 Kg7 29. e7 Re8 30. Re1 Kf6 31. Kg2 g5 32. Kf3 Kf5 33. c4
h5 34. h3 g4+ 35. hxg4+ hxg4+ 36. Kg2 Kf6 37. Re4 Rxe7 38. Rxf4+ Kg5 39. Kg3
Re2 40. a4 Ra2 41. Rxg4+ Kf5 42. c5 Rc2 43. f4 Rc3+ 44. Kh4 Rc1 45. Kh3 Rc3+
46. Rg3 Rc1 47. Rg7 Kxf4 48. Rxa7 Rc3+ 49. Kg2 Rxc5 50. Rxa6 Rc2+ 51. Kh3 Ra2
52. a5 Ke5 53. Kg4 Kd5 54. Rh6 Kc5 1/2-1/2